|
|
|
|
| LEADER |
00000nas a2200000 a 4500 |
| 001 |
ssj0030234 |
| 003 |
WaSeSS |
| 005 |
20200512172242.0 |
| 006 |
m d |
| 007 |
cr n |
| 008 |
050614c19879999miubr pss 0 a0eng c |
| 010 |
|
|
|a 2008202652
|
| 022 |
|
|
|a 1944-7361
|l 0889-3241
|y 0889-3241
|
| 035 |
|
|
|a (WaSeSS)ssj0030234
|
| 037 |
|
|
|b American Concrete Institute, PO Box 9094, Farmington Hills, MI 48333-9094
|
| 040 |
|
|
|a OCLCS
|b eng
|c OCLCS
|d BUF
|d DLC
|d OCLCQ
|d OCLCF
|d OCLCO
|d CUI
|d OCLCQ
|d AUD
|d WaSeSS
|
| 042 |
|
|
|a pcc
|a nsdp
|
| 050 |
1 |
4 |
|a TA680
|b .A25
|
| 082 |
1 |
0 |
|a 624.1
|2 14
|
| 130 |
0 |
|
|a ACI structural journal (Online)
|
| 210 |
0 |
|
|a ACI struct. j.
|b (Online)
|
| 222 |
|
0 |
|a ACI structural journal
|b (Online)
|
| 245 |
1 |
0 |
|a ACI structural journal
|h [electronic resource].
|
| 246 |
3 |
|
|a American Concrete Institute structural journal
|
| 246 |
3 |
0 |
|a Structural journal
|
| 260 |
|
|
|a Detroit, Mich. :
|b American Concrete Institute
|
| 310 |
|
|
|a Bimonthly
|
| 362 |
1 |
|
|a Print began with v. 84, no. 1 (Jan./Feb. 1987).
|
| 506 |
|
|
|a License restrictions may limit access.
|
| 580 |
|
|
|a Companion publication to: ACI materials journal.
|
| 588 |
|
|
|a Description based on print version record.
|
| 650 |
|
0 |
|a Concrete construction
|v Periodicals.
|
| 650 |
|
0 |
|a Concrete
|v Periodicals.
|
| 650 |
|
7 |
|a Concrete.
|2 fast
|0 (OCoLC)fst00874126
|
| 650 |
|
7 |
|a Concrete construction.
|2 fast
|0 (OCoLC)fst00874261
|
| 655 |
|
0 |
|a Electronic journals.
|
| 710 |
2 |
|
|a American Concrete Institute.
|
| 776 |
0 |
8 |
|i Print version:
|t ACI structural journal
|x 0889-3241
|w (DLC) 87655743
|w (OCoLC)13846957
|
| 787 |
1 |
|
|t ACI materials journal (Online)
|x 1944-737X
|w (DLC) 2008202653
|w (OCoLC)60626561
|
| 856 |
4 |
0 |
|z Full text available from Research Library: 01/01/2005 to present
|u https://search.proquest.com/publication/36963
|